Antonín Chittussi

Guardado en:
Detalles Bibliográficos
Autor principal: Dvořák, František (Autor)
Formato: Libro
Lenguaje:checo
Publicado: Praha : SNKLHU, 1954
Edición:1.vyd.
Materias:
Etiquetas: Agregar Etiqueta
Sin Etiquetas, Sea el primero en etiquetar este registro!

MARC

LEADER 00000nam a22000003a 4500
001 stu10686
005 20150617225804.9
008 941020s1954----cs------------------cze-d
040 |a STU  |b slo 
041 0 |a cze 
044 |a cs 
100 1 |a Dvořák, František  |4 aut 
245 1 |a Antonín Chittussi 
250 |a 1.vyd.  
260 |a Praha :  |b SNKLHU,  |c 1954 
300 |a 97 s 
650 7 |a výtvarníci slovenskí  |2 stusub 
996 |b 284AU00283  |c A*2284 U  |l AAKNAR  |s A  |a 24  |w stu10686_0001